| 000 | 00719nam a22002297a 4500 | ||
|---|---|---|---|
| 005 | 20170124110049.0 | ||
| 010 | _aA-899697 | ||
| 020 |
_c00.00 _a8172245548 |
||
| 035 | _aA-899697 | ||
| 037 | _bCen Lib/Ret | ||
| 040 |
_aDPL _bEN |
||
| 082 |
_a658.3124 _bKAM |
||
| 100 |
_aKamp, Di _924999 |
||
| 245 |
_aThe excellent trainer : _cby Di Kamp _bputting NLP to work / |
||
| 260 |
_aMumbai _bJaico Publishing House _c1998 |
||
| 270 |
_a121, M. G. Road _bMumbai _e400023 |
||
| 300 |
_axiii,203p. _c24cmHb) |
||
| 500 | _aIncludes index | ||
| 650 |
_aEmployee training personnel -- Training of -- Methodology _925000 |
||
| 650 |
_aNeurolinguistic programming _925001 |
||
| 942 |
_2ddc _cEN _h658.3124 _mKAM |
||
| 999 |
_c128979 _d128979 |
||